000 00783cab a2200253 4500
001 WB3311-40
008 090401t1997 xxu||||| |||| 00| 0 eng d
035 _a(Sirsi) u77073
041 _aeng
245 _aGas death conviction quashed
260 _c1997
350 _a0
490 _aTimes
_v12 March 1997, 6(1)
520 _aA landlord whose tenant died because of a faulty gas fire, has had his manslaughter conviction quashed by the Court of Appeal.
650 _aGAS FIRES
650 _aGAS SAFETY REGULATIONS
650 _aHEALTH AND SAFETY
_96244
650 _aLANDLORDS
650 _aMANSLAUGHTER
650 _aNEGLIGENCE
690 _aPROPERTY-RESIDENTIAL PROPERTY-RESIDENTIAL LANDLORD AND TENANT-RESIDENTIAL TENANCIES
942 _n0
948 _c13/03/1997
999 _c48439
_d48439